Lego Masters Australia Season 3 - Statistics

General Stats
  • This quiz has been taken 11 times
  • The average score is 11 of 18
Answer Stats
Hint Answer % Correct
Winners David
78%
Gus
78%
The host Hamish Blake
67%
Second Place Owen
67%
Third Place Ryan
67%
The judge Ryan 'Brickman' McNaught
67%
Scott
67%
Seventh Place, eliminated in the Four Seasons build and the Mission to Mars build. Amy
56%
Anthony
56%
Fleur
56%
Gabby
56%
Fifth Place, eliminated in the Color Your World build Harrison
56%
Sixth Place, eliminated in the Dream Home build and the Cut in Half build Jess
56%
Michael
56%
Fourth Place, eliminated in the Out on a Limb build Sarah
56%
Eighth Place, eliminated in the Four Seasons build and the Snow Globe build Atlanta
44%
Dawei
44%
Jeff
44%
No matching quizzes found
Score Distribution
Percent of People with Each Score
Percentile by Number Answered
Your Score History
You have not taken this quiz